[Event "Kouty nad Desnou op-A"]
[Site "Kouty nad Desnou"]
[Date "2024.03.12"]
[Round "5"]
[White "Schwartz, Michael"]
[Black "Martinkovic, Adam"]
[Result "1/2-1/2"]
[WhiteElo "1672"]
[BlackElo "1927"]
[PlyCount "57"]
[EventDate "2024.03.09"]
[EventType "swiss"]
[EventRounds "9"]
[EventCountry "CZE"]
[SourceTitle "CB13_2024"]
[SourceDate "2024.03.27"]
[SourceVersion "1"]
[SourceVersionDate "2024.03.27"]
[SourceQuality "1"]

1. e4 c6 2. d4 d5 3. e5 Bf5 4. h4 h5 5. Bd3 Bxd3 6. Qxd3 e6 7. Bg5 Be7 8. Nf3 Nh6 9. Nbd2 Nf5 10. 0-0-0 Nd7 11. Nf1 Nf8 12. Ng3 g6 13. c4 Nh7 14. Bxe7 Nxe7 15. Kb1 Qd7 16. Ng5 Nxg5 17. hxg5 0-0-0 18. c5 Qc7 19. b4 Kd7 20. Ka1 b6 21. Rb1 bxc5 22. bxc5 Rb8 23. Qa6 Rxb1+ 24. Rxb1 Rb8 25. Rb3 Nc8 26. Ne2 Rxb3 27. axb3 Qb8 28. Qa4 Qb7 29. Kb2 1/2-1/2

[Event "Kouty nad Desnou op-A"]
[Site "Kouty nad Desnou"]
[Date "2024.03.10"]
[Round "2"]
[White "Ptacek, Vladimir"]
[Black "Schwartz, Michael"]
[Result "1-0"]
[WhiteElo "1531"]
[BlackElo "1672"]
[PlyCount "111"]
[EventDate "2024.03.09"]
[EventType "swiss"]
[EventRounds "9"]
[EventCountry "CZE"]
[SourceTitle "CB13_2024"]
[SourceDate "2024.03.27"]
[SourceVersion "1"]
[SourceVersionDate "2024.03.27"]
[SourceQuality "1"]

1. e4 e5 2. Nf3 Nc6 3. d4 exd4 4. Bc4 Nf6 5. e5 Ne4 6. 0-0 Be7 7. Bd5 Nc5 8. Nxd4 0-0 9. Re1 Kh8 10. Nf5 Ne6 11. Nc3 Bg5 12. Qg4 f6 13. exf6 Qxf6 14. Bxe6 Bxc1 15. Nd5 Qg6 16. Qxg6 hxg6 17. Nfe7 Nxe7 18. Nxe7 Rf6 19. Nxc8 dxe6 20. Raxc1 Rxc8 21. Rcd1 Rcf8 22. f3 R8f7 23. Rd8+ Kh7 24. Re8 Rd7 25. Kf2 Rd6 26. h4 Rc6 27. Re2 Ra6 28. a3 Rb6 29. c3 Rd6 30. g4 Rb6 31. g5 Rf4 32. Kg3 Rf7 33. R8xe6 Rxe6 34. Rxe6 Rd7 35. Re2 Kg8 36. f4 Rd3+ 37. Kg4 Rd1 38. Re3 Kf7 39. Rf3 Ke6 40. b3 Rg1+ 41. Rg3 Rxg3+ 42. Kxg3 Kf5 43. Kf3 b5 44. a4 bxa4 45. bxa4 a5 46. c4 c5 47. Ke3 Kg4 48. Ke4 Kxh4 49. Kd5 Kg4 50. Kxc5 Kxf4 51. Kd5 Kxg5 52. c5 Kh4 53. c6 g5 54. c7 g4 55. c8Q g3 56. Qh8+ 1-0

[Event "Skalica op-B"]
[Site "Skalica"]
[Date "2023.08.25"]
[Round "7"]
[White "Schwartz, Michael"]
[Black "Slonek, Richard"]
[Result "1-0"]
[WhiteElo "1402"]
[BlackElo "1149"]
[PlyCount "63"]
[EventDate "2023.08.19"]
[EventType "swiss"]
[EventRounds "9"]
[EventCountry "SVK"]
[SourceTitle "CBM 215 Extra"]
[Source "ChessBase"]
[SourceDate "2023.09.30"]
[SourceVersion "1"]
[SourceVersionDate "2023.09.30"]
[SourceQuality "1"]

1. e4 e5 2. Nf3 Nc6 3. Bc4 Nf6 4. d3 h6 5. 0-0 Bc5 6. Nc3 0-0 7. a3 d6 8. h3 Re8 9. Na4 a6 10. Nxc5 dxc5 11. Be3 Qd6 12. Nd2 b6 13. Ba2 Nh7 14. f4 Be6 15. Bxe6 Qxe6 16. f5 Qf6 17. Qg4 Nd4 18. Rac1 Qd6 19. Nc4 Qc6 20. Bxd4 cxd4 21. c3 b5 22. Nd2 Qb6 23. c4 bxc4 24. Nxc4 Qb3 25. f6 Nxf6 26. Rxf6 Kh7 27. Rxf7 Rg8 28. Nxe5 Rae8 29. Qf5+ Kh8 30. Ng6+ Kh7 31. Nf8+ Kh8 32. Qh7# 1-0

[Event "Skalica op-B"]
[Site "Skalica"]
[Date "2023.08.22"]
[Round "4"]
[White "Kocur, Jan"]
[Black "Schwartz, Michael"]
[Result "1-0"]
[WhiteElo "1498"]
[BlackElo "1402"]
[PlyCount "51"]
[EventDate "2023.08.19"]
[EventType "swiss"]
[EventRounds "9"]
[EventCountry "SVK"]
[SourceTitle "CBM 215 Extra"]
[Source "ChessBase"]
[SourceDate "2023.09.30"]
[SourceVersion "1"]
[SourceVersionDate "2023.09.30"]
[SourceQuality "1"]

1. e4 e5 2. Nf3 Nc6 3. Bc4 Bc5 4. 0-0 Nf6 5. Re1 d6 6. h3 h6 7. Nc3 a6 8. Nd5 Nxd5 9. Bxd5 Na5 10. a3 c6 11. Ba2 Qb6 12. Re2 d5 13. b4 Bxb4 14. axb4 Qxb4 15. exd5 0-0 16. dxc6 Nxc6 17. Ba3 Qf4 18. Bxf8 Kxf8 19. d4 exd4 20. Qd2 Qf6 21. Rd1 Bxh3 22. gxh3 Qxf3 23. Qd3 Qh5 24. Rde1 Nb4 25. Qh7 f6 26. Qh8# 1-0